Tình hình nhiễm vi khuẩn Salmonella Enteteritidis và Salmonella typhimurium trên thịt và trứng gà ở một số cơ sở phân phối thực phẩm ở thành phố Cần Thơ : Đề tài nghiên cứu khoa học cấp trường
Đề tài nhằm xác định tỉ lệ nhiễm S.enteritidis và S. Typhimurium trên thịt bò và trứng gà tại 1 số chợ và siêu thị thuộc thành phố Cần Thơ. 402 mẫu được thu thập và kiểm tra từ tháng 2/2007 đến tháng 5/2008 gồm 174 mẫu thịt ức gà và 114 ma...
Salvato in:
| Autore principale: | |
|---|---|
| Natura: | Libro |
| Lingua: | Undetermined |
| Pubblicazione: |
Cần Thơ
Trường Đại học Cần Thơ
2008
|
| Soggetti: | |
| Tags: |
Aggiungi Tag
Nessun Tag, puoi essere il primo ad aggiungerne! !
|
| Thư viện lưu trữ: | Trung tâm Học liệu Trường Đại học Cần Thơ |
|---|
| LEADER | 01327nam a2200229Ia 4500 | ||
|---|---|---|---|
| 001 | CTU_164936 | ||
| 008 | 210402s9999 xx 000 0 und d | ||
| 082 | |a 660.62 | ||
| 082 | |b T120 | ||
| 088 | |a T2007-36 | ||
| 100 | |a Nguyễn, Thu Tâm | ||
| 245 | 0 | |a Tình hình nhiễm vi khuẩn Salmonella Enteteritidis và Salmonella typhimurium trên thịt và trứng gà ở một số cơ sở phân phối thực phẩm ở thành phố Cần Thơ : | |
| 245 | 0 | |b Đề tài nghiên cứu khoa học cấp trường | |
| 245 | 0 | |c Nguyễn Thu Tâm ( Chủ nhiệm đề tài ) | |
| 260 | |a Cần Thơ | ||
| 260 | |b Trường Đại học Cần Thơ | ||
| 260 | |c 2008 | ||
| 520 | |a Đề tài nhằm xác định tỉ lệ nhiễm S.enteritidis và S. Typhimurium trên thịt bò và trứng gà tại 1 số chợ và siêu thị thuộc thành phố Cần Thơ. 402 mẫu được thu thập và kiểm tra từ tháng 2/2007 đến tháng 5/2008 gồm 174 mẫu thịt ức gà và 114 mẫu trứng gà. | ||
| 650 | |a Microbial biotechnology,Công nghệ sinh học vi sinh vật | ||
| 904 | |i Thoa, Hải | ||
| 915 | |a NN | ||
| 980 | |a Trung tâm Học liệu Trường Đại học Cần Thơ | ||